000 00447nam a2200169Ia 4500
003 GCL
008 140319s9999 xx 000 0 eng d
040 _aGCL /
_cGCL
082 0 4 _a670.42
_bO U
100 1 _aOHMI, TADAHIRO
245 1 0 _aULTNACLEAN TECHNOLOGY HANDBOOK /
_cOHMI, TADAHIRO
260 _a[S.N] :
_bMARCEL DEKKER, INC ،
_c1993
300 _a928 P P
650 0 4 _aTECHNOLOGY
650 0 4 _aMANUFACTURING PROCESSES
942 _2ddc
_cBK
999 _c16805
_d16805